000 00908nam a2200181Ia 4500
008 090124s9999 xx 000 0 und d
082 _b27753
_a1653
100 _aजोशी ग.ना.(गजानन नारायण)
245 _a भारतीय तत्त्वज्ञानाचा बृहद् इतिहास खं. 3 चार दर्शने
250 _a1
260 _c1994
300 _a465
600 _aजोशी ग.ना.(गजानन नारायण)
630 _a भारतीय तत्त्वज्ञानाचा बृहद् इतिहास खं. 3 चार दर्शने
700 _aजोशी ग.ना.(गजानन नारायण)
730 _a भारतीय तत्त्वज्ञानाचा बृहद् इतिहास खं. 3 चार दर्शने
942 _cBOOK
999 _c141218
_d141218